Los cuatro libros /

Guardat en:
Dades bibliogràfiques
Autor principal: Yan, Lianke (autor)
Altres autors: Fisac Badell, Taciana (edición) (edición)
Format: Llibre
Idioma:espanyol
Publicat: Barcelona, España : Galaxia Gutenberg, 2016, c2016
Matèries:
Etiquetes: Afegir etiqueta
Sense etiquetes, Sigues el primer a etiquetar aquest registre!

MARC

LEADER 00000nam^a2200000^a^4500
001 000410389
005 20250521000000.0
009 20260310122045.533
020 |a 978-84-16734-16-0 
037 |a Acervo ITESO - Biblioteca 
041 |a ESP 
082 |a 895. 1  |b YAN 
100 |a Yan, Lianke  |e (autor) 
245 1 4 |a Los cuatro libros /  |c L. Yan ; ed., pról., notas y tr. por T. Fisac Badell. 
264 4 |a Barcelona, España :  |b Galaxia Gutenberg,  |c 2016, c2016 
300 |a 368 p. 
336 |a texto  |b txt  |2 rdacontenido 
337 |a sin mediación  |b n  |2 rdamedio 
338 |a volumen  |b nc  |2 rdasoporte 
500 |a Traducción de: Si Shu 
586 |a Premio Booker Internacional 2016 (finalista) 
649 |a XX 
650 |a Novela Histórica -  |z China 
650 |a Novela China 
650 |a Literatura e Historia -  |z China 
650 |a Literatura China -  |y Siglo XXI 
650 |a China -  |x Historia -  |y 1949-1976 -  |x Tema Principal 
650 |a China -  |x Historia -  |y Período de la República Popular, 1949 en Adelante 
650 |a China -  |x Historia -  |y Siglo XX 
700 |a Fisac Badell, Taciana  |e (edición) 
910 |a Fondo General 
920 |a Impresos - Libros 
930 |a Colección General 
940 |a Literatura 
905 |a 101 
901 |a 0500319091  |b IT1  |c LIT  |i D103800  |u 20250521 
902 |a https://opac.biblio.iteso.mx/vufind/Record/000410389